| Tag |
First Indicator |
Second Indicator |
Subfields |
| LEADER |
00000cam a2200000 4500 |
| 001 |
in00000366281 |
| 005 |
20151011074446.0 |
| 008 |
750819s1953 nyua b 00100 eng |
| 010 |
|
|
|a 53006364
|
| 035 |
|
|
|a (OCoLC)01558980
|
| 035 |
|
|
|9 ABP5004AM
|
| 040 |
|
|
|c DZM
|d TXA
|d UtOrBLW
|
| 049 |
|
|
|a TXAM
|c 1 [377217], 2 [267736]
|
| 050 |
0 |
0 |
|a TJ265
|b .M65
|
| 082 |
0 |
|
|a *621.01 621.101
|
| 100 |
1 |
|
|a Mooney, David A.
|
| 245 |
1 |
0 |
|a Mechanical engineering thermodynamics.
|
| 264 |
|
1 |
|a New York :
|b Prentice-Hall,
|c 1953.
|
| 300 |
|
|
|a xi, 540 pages :
|b illustrations ;
|c 22 cm
|
| 336 |
|
|
|a text
|b txt
|2 rdacontent
|
| 337 |
|
|
|a unmediated
|b n
|2 rdamedia
|
| 338 |
|
|
|a volume
|b nc
|2 rdacarrier
|
| 500 |
|
|
|a TAMU copies imperfect: copy 1, 4 charts wanting; copy 2, 6 charts wanting.
|
| 500 |
|
|
|a Copy 2, 4th printing has imprint: Englewood Cliffs, N. J., Prentice-Hall.
|
| 500 |
|
|
|a Illustrative matter in pocket at back.
|
| 504 |
|
|
|a Includes bibliographies.
|
| 650 |
|
0 |
|a Thermodynamics.
|
| 999 |
|
|
|a MARS
|
| 999 |
f |
f |
|s f2f624b6-a6ac-3b4e-943f-408fd4c9ca0d
|i 171ac5db-c1a2-3405-aa35-c315d2bc3403
|t 0
|
| 952 |
f |
f |
|p normal
|a Texas A&M University
|b College Station
|c Sterling C. Evans Library
|d Evans: Library Stacks
|t 0
|e TJ265 .M65
|h Library of Congress classification
|i unmediated -- volume
|m A14805436326
|
| 998 |
f |
f |
|a TJ265 .M65
|t 0
|l Evans: Library Stacks
|